Czym możemy pokrywać ściany w mieszkaniu? - Statystyki

Ogólne statystyki
  • Ten quiz został rozwiązany 16 razy
  • Średni wynik to 3 z 5
Statystyki odpowiedzi
Hint Odpowiedź % Poprawnych
1. Farbą
100%
2. Tapetą
94%
3. Płytkami
31%
4. Boazerią
19%
5. Panelami
19%
Nie znaleziono quizów pasujących do podanych kryteriów
Rozkład punktacji
Procent ludzi z każdym wynikiem
Percentyl według liczby udzielonych odpowiedzi
Twoja historia wyników
Nie rozwiązałeś tego quizu